002570000a220007300045001000029000002450076000293000046001057730032001511 aSánchez Cetina, Edesio10aY un niño los pastoreará : Relectura de la Biblia desde la infancia aVol. 57, Núm 261 (2002), Páginas 8-130 tLa Biblia de las Américas